000 01843cam a2200133 4500500
005 20260329020324.0
041 _afre
042 _adc
100 1 0 _aMonnier, David
_eauthor
245 0 0 _aL’étrange succès de la perversion narcissique
260 _bChamp social,
_c2025.
520 _aLa perversion narcissique en dit long sur l’amour… La perversion narcissique procède par fusion-acquisition. Il y a un aspect fusionnel, passionnel, transgressif, jouissif, exaltant, valorisant à être dans cette relation duelle. Ce pourquoi le sujet a du mal à voir cela de prime abord comme du sadisme. Or, cela s’accompagne d’une volonté de domination et de contrôle, de destruction de la subjectivité, par nostalgie d’une relation mère-enfant qui n’a jamais réellement eu cours. Le pervers apprécie le sujet, à condition d’être son miroir, d’être réduit à ce qu’il s’imagine, de correspondre à une image préétablie, de s’adapter à son fantasme, de le flatter, de lui obéir, de changer, d’être à son service, bref d’osciller entre souffre-douleur et trophée. Cela plaît à certains mais peut s’avérer rapidement étouffant. On en vient rapidement à déplorer l’absence de limites, de repères et à tenter de faire appel à la fonction paternelle. Eclate au grand jour cette conjoncture sadomasochiste plus répandue qu’il n’y paraît. Elle témoigne avec émoi et effroi du sadisme de la vie quotidienne, problématique centrale du « lien » social. Elle est le reflet d’une société focalisée sur l’enfant-roi, où le sujet est harassé, harcelé, happé, appâté, accaparé par l’autre sans guère de perspective d’échappatoire.
856 4 1 _uhttps://shs.cairn.info/letrange-succes-de-la-perversion-narcissique--9791034609727?lang=fr&redirect-ssocas=7080
999 _c1905455
_d1905455